000 00994nam a22002417a 4500
003 DO-SdBNP
005 20240403120313.0
007 ta
008 210927b ||||| |||| 00| 0 eng d
020 _a9789945454123
040 _aDO-SdBNP
_bspa
_cBNPHU
082 4 _222
_a972.93054
_bH557s
100 1 _aHernández, Frank Marino
_980038
_d1936-2007.
245 1 0 _aDe un siglo a otro
_beconomía, desarrollo y política en RD /
_cFrank Marino Hernández.
260 _aSanto Domingo :
_bManatí,
_c2008.
300 _a410 p. :
_c23 cm
500 _aIncluye datos biográficos del autor en la solapa de la cubierta
505 _aIncluye índice general
_tI. Visión general --
_tII. Repartición del poder político --
_tIII. Gestión de cuestiones del estado --
_tIV. Responsabilidades --
_tV. Internacionales --
_tVI. Razones del corazón --
_tPreánbulo --
590 _aInventariado, 2021 / SA
700 _96466
_aAlcántara, Virgilio
_eCorrección
910 _aSaquino
942 _2ddc
_cLBS1
999 _c50655
_d50655